000 00324cam a2200133 4500
008 010921n2001 000 0 eng u
020 _a1858112672
035 _a(Sirsi) u114700
110 _a2 Mitre Court Buildings
245 _aHighway law : a practical guide
260 _bEmis
_c2001
350 _a28.00
942 _n0
999 _c101636
_d101636